| 000 | 00937nam a22003617a 4500 | ||
|---|---|---|---|
| 005 | 20241011095637.0 | ||
| 008 | 160921b2015 sp ||||| |||| 00| 0 spa d | ||
| 020 | _a9788445826133 | ||
| 041 | _aESP | ||
| 082 | _a611 H249n2 | ||
| 100 |
_aHansen, John _921776 |
||
| 245 | _aNetter, cuaderno de anatomía para colorear | ||
| 250 | _a2 edición | ||
| 260 | _aEspaña | ||
| 260 | _bElsevier | ||
| 260 | _c2015 | ||
| 300 | _a383 páginas | ||
| 300 | _bIlustraciones a blanco y negro | ||
| 650 | _aANATOMÍA HUMANA | ||
| 650 | _aSISTEMA ESQUELÉTICO | ||
| 650 | _aSISTEMA MUSCULAR | ||
| 650 | _aSISTEMA NERVIOSO | ||
| 650 | _aSISTEMA CARDIOVASCULAR | ||
| 650 | _aSISTEMA LINFÁTICO | ||
| 650 | _aSISTEMA RESPIRATORIO | ||
| 650 | _aSISTEMA DIGESTIVO | ||
| 650 | _aSISTEMA URINARIO | ||
| 650 | _aSISTEMA GENITAL | ||
| 650 | _aCICLO MENSTRUAL | ||
| 650 | _aSISTEMA ENDOCRINO | ||
| 942 |
_cBK _2ddc |
||
| 999 |
_c8427 _d8427 |
||